Key Moments in science and technology : Milestone inventions from the wheel to the Web

This text identifies those scientific breakthroughs that triggered fundamental change in human society. From man's discovery of the fire to splitting the atom, the printing press to the microchip, all of the technological advances that helped alter our world-view have been catalogued here. Ther...

Disgrifiad llawn

Wedi'i Gadw mewn:
Manylion Llyfryddiaeth
Prif Awdur: Hamlyn
Fformat: Llyfr
Iaith:Undetermined
Cyhoeddwyd: [London] Keith Wicks 1999
Pynciau:
Tagiau: Ychwanegu Tag
Dim Tagiau, Byddwch y cyntaf i dagio'r cofnod hwn!
Thư viện lưu trữ: Trung tâm Học liệu Trường Đại học Cần Thơ
LEADER 01180nam a2200229Ia 4500
001 CTU_220011
008 210402s9999 xx 000 0 und d
020 |c 20 
082 |a 509 
082 |b H223 
100 |a Hamlyn 
245 0 |a Key Moments in science and technology : 
245 0 |b Milestone inventions from the wheel to the Web 
245 0 |c Hamlyn 
260 |a [London] 
260 |b Keith Wicks 
260 |c 1999 
520 |a This text identifies those scientific breakthroughs that triggered fundamental change in human society. From man's discovery of the fire to splitting the atom, the printing press to the microchip, all of the technological advances that helped alter our world-view have been catalogued here. There are also feature biographies of the inventors, scientists and thinkers whose insights and curiosities helped humanity understand - and master - a little more of the world around it. The text is complemented with illustrations that enhance the story of progress and development told here. 
650 |a Science,Khoa học 
650 |x History,Lịch sử 
904 |i Qhieu 
980 |a Trung tâm Học liệu Trường Đại học Cần Thơ